Countries with Ski Resorts - Statistics

General Stats
  • This quiz has been taken 2,126 times
  • The average score is 35 of 41
Answer Stats
Number of Resorts Country % Correct
280 Canada
99%
481 United States
99%
325 France
98%
742 China
97%
354 Russia
97%
254 Austria
96%
498 Germany
96%
547 Japan
96%
213 Norway
96%
228 Sweden
96%
186 Switzerland
96%
76 Finland
95%
349 Italy
95%
10 United Kingdom
95%
32 Spain
92%
182 Poland
88%
22 Argentina
87%
21 Chile
87%
12 Australia
85%
15 India
85%
107 Slovakia
85%
44 Slovenia
85%
45 Romania
84%
18 South Korea
84%
54 Ukraine
84%
191 Czech Republic
83%
23 New Zealand
82%
31 Serbia
81%
32 Bulgaria
80%
13 Croatia
80%
60 Turkey
80%
15 Hungary
78%
22 Greece
76%
13 Iceland
74%
19 Kazakhstan
74%
18 Bosnia and Herzegovina
72%
26 Latvia
67%
11 Lithuania
66%
22 Iran
65%
10 Albania
63%
19 Kyrgyzstan
49%
No matching quizzes found
Score Distribution
Percent of People with Each Score
Percentile by Number Answered
Your Score History
You have not taken this quiz